000 00779nam a2200253Ia 4500
005 20250117103640.0
008 008 250103s9999 xx 000 0 eng d
020 _a9780128177563
037 _aTextual
040 _aCSL
_beng
_cCSL
041 _aeng
_2eng
084 _aD65 8(B):71 R0
_qCSL
100 _aHansen, Derek L
_9732104
245 0 _aAnalyzing social media networks with NodeXL
_cHansen, Derek L...[ et al.]
250 _a2nd
260 _aCambridge
_bMorgan Kaufman
_c2020
300 _axviii, 229p. ill.
650 _a Nodexl tutorial
_9734497
650 _a Social media network analysis
_9734498
650 _aComputer Science
700 _aHansen, Derek L
_9732104
942 _cTEXL
_hD65 8(B):71 R0
999 _c1237973
_d1237973